00436nam a2200121 i 4500001000300000245012000003260002100123040000800144041000800152080001500160008004100175856009800216bg 0aEkonomiści dyskutują o gospodarce :b[materiały z "Czwartków" w Polskim Towarzystwie Ekonomicznym. Czw.1-6]. aWarszawa,c1979. cBPK apol a338.1(438) s pl f |000 0 pol  uhttp://koha.tu.koszalin.pl/cgi-bin/koha/opac-detail.pl?biblionumber=21612yKatalog online BPK